MARC

LEADER 00000nam0a2200000 4500
001 125204
005 20231031131253.0
035 |a (RuTPU)RU\TPU\book\135479 
090 |a 125204 
100 |a 20071113d1973 m y0rusy50 ca 
101 0 |a rus 
102 |a RU 
105 |a a z 001zy 
200 1 |a Механическая прочность эпоксидной изоляции  |f К. Н. Кан, А. Ф. Николаевич, В. М. Шанников 
210 |a Ленинград  |c Энергия  |d 1973 
215 |a 152 с.  |c ил. 
320 |a Библиогр.: с. 144-150. 
610 1 |a механическая прочность 
610 1 |a определение 
610 1 |a расчет 
675 |a 621.315.616  |v 3 
700 1 |a Кан  |b К. Н.  |g Климент Николаевич 
701 1 |a Николаевич  |b А. Ф.  |g Алексей Федорович 
701 1 |a Шанников  |b В. М.  |g Владимир Михайлович 
801 1 |a RU  |b 63413507  |c 20071113  |g PSBO 
801 2 |a RU  |b 63413507  |c 20091110  |g PSBO 
942 |c BK